FIFA World Cup Winners - Statistics

General Stats
  • This quiz has been taken 35 times
  • The average score is 20 of 22
Answer Stats
Year Winner % Correct
2022 Argentina
100%
2018 France
100%
1934 Italy
97%
2010 Spain
97%
1930 Uruguay
97%
2002 Brazil
93%
1966 England
93%
1998 France
93%
2014 Germany
93%
1938 Italy
93%
1982 Italy
93%
1954 West Germany
93%
1990 West Germany
93%
1978 Argentina
90%
1986 Argentina
90%
1958 Brazil
90%
1962 Brazil
90%
1970 Brazil
90%
1994 Brazil
90%
1974 West Germany
90%
2006 Italy
87%
1950 Uruguay
87%
No matching quizzes found
Score Distribution
Percent of People with Each Score
Percentile by Number Answered
Your Score History
You have not taken this quiz